{"text_format":"3","workbook":"xlsx","n_sheets":1,"sheets":["PACC - SNCC.F.053"],"not_rendered":{"images":1},"read":"whole","date_system":"1900"}

{"sheet":"PACC - SNCC.F.053","index":0,"n_rows":362,"n_cols":23,"rows_kept":362,"merged":[[2,0,4,0],[5,0,5,14],[6,0,6,1],[8,3,8,6]]}
[]
["SNCC.F.053",{"$nulls":12},"Fecha de Revisión"]
[{"$nulls":13},"Fecha de Aprobación"]
[{"$nulls":13},"Versión"]
[{"$nulls":13},"No. de Páginas"]
["NOMBRE DE LA ENTIDAD"]
["PLAN ANUAL DE COMPRAS Y CONTRATACIONES AÑO _____2023_________",{"$nulls":7},"HOSPITAL SIGIFREDO ALBA"]
[{"$nulls":8},"CODIGO HSAD 4.1.1.3.02"]
[{"$nulls":3},"FECHA DE NECESIDAD"]
["CÓDIGO DEL CATÁLOGO DE BIENES Y SERVICIOS (CBS) ","DESCRIPCIÓN DE LA COMPRA O CONTRATACIÓN","UNIDAD DE MEDIDA","PRIMER TRIMESTRE","SEGUNDO TRIMESTRE","TERCER TRIMESTRE","CUARTO TRIMESTRE","CANTIDAD TOTAL","PRECIO UNITARIO ESTIMADO","COSTO TOTAL UNITARIO","COSTO TOTAL POR CÓDIGO DE CATÁLOGO DE BIENES Y SERVICIOS (CBS)"," PROCEDIMIENTO DE SELECCIÓN ","FUENTE DE FINANCIAMIENTO","VALOR ADQUIRIDO","OBSERVACIÓN"]
["4410 - Maquinaria, suministros y accesorios de oficina","PAPEL 8 1/2 x 11","CAJA",21,21,21,21,84,{"v":3500,"d":"RD$3,500.00"},{"$f":"+H11*I11","v":{"v":294000,"d":"RD$294,000.00"}},{"v":1029000000,"d":"RD$1,029,000,000.00"},"COMPRA DIRECTA","VENTA DE SERVICIOS",{"$nulls":6},"1010 - Animales vivos ",null,null,"LICITACIÓN PÚBLICA INTERNACIONAL"]
["4321 - Equipo informático y accesorios","TINTA PARA IMPRESORA","UNIDAD",10,10,10,10,{"$f":"SUM(Tabla1[[#This Row],[PRIMER TRIMESTRE]:[CUARTO TRIMESTRE]])","v":40},{"v":700,"d":"RD$700.00"},{"$f":"+H12*I12","v":{"v":28000,"d":"RD$28,000.00"}},{"$f":"+I12*J12","v":{"v":19600000,"d":"RD$19,600,000.00"}},"COMPRA DIRECTA","VENTA DE SERVICIOS",{"$nulls":6},"1011 - Productos de casa para el animal doméstico",null,null,"LICITACIÓN PÚBLICA NACIONAL"]
["1510 - Combustibles","GASOLINA PREMIUN","GALONES",432.21,432.21,432.21,432.21,{"$f":"SUM(Tabla1[[#This Row],[PRIMER TRIMESTRE]:[CUARTO TRIMESTRE]])","v":1728.84},{"v":293.6,"d":"RD$293.60"},{"v":507587.424,"d":"RD$507,587.42"},{"v":149027667.68640003,"d":"RD$149,027,667.69"},"COMPRA DIRECTA","VENTA DE SERVICIOS",{"$nulls":6},"1012 - Pienso para animales",null,null,"LICITACIÓN RESTRINGIDA"]
["1510 - Combustibles","GASOLINA REGULAR","GALONES",142.05,142.05,142.05,142.05,{"$f":"SUM(Tabla1[[#This Row],[PRIMER TRIMESTRE]:[CUARTO TRIMESTRE]])","v":568.2},{"v":274.5,"d":"RD$274.50"},{"$f":"+H14*I14","v":{"v":155970.90000000002,"d":"RD$155,970.90"}},{"$f":"+I14*J14","v":{"v":42814012.050000004,"d":"RD$42,814,012.05"}},"COMPRA DIRECTA","VENTA DE SERVICIOS",{"$nulls":6},"1013 - Recipientes y hábitat para animales",null,null,"SORTEO DE OBRAS"]
["1510 - Combustibles","GASOIL","GALONES",109.65,109.65,109.65,109.65,{"$f":"SUM(Tabla1[[#This Row],[PRIMER TRIMESTRE]:[CUARTO TRIMESTRE]])","v":438.6},{"v":221.6,"d":"RD$221.60"},{"v":97193.76000000001,"d":"RD$97,193.76"},{"v":21538137.216000002,"d":"RD$21,538,137.22"},"COMPRA DIRECTA","FONDO OPERATIVO",{"$nulls":6},"1014 - Artículos de talabartería y arreos",null,null,"COMPARACIÓN DE PRECIOS"]
["1510 - Combustibles","GASOIL OPTIMO","GALONES",627.12,627.12,627.12,627.12,{"$f":"SUM(Tabla1[[#This Row],[PRIMER TRIMESTRE]:[CUARTO TRIMESTRE]])","v":2508.48},{"v":241.1,"d":"RD$241.10"},{"$f":"+H16*I16","v":{"v":604794.5279999999,"d":"RD$604,794.53"}},{"$f":"+I16*J16","v":{"v":145815960.70079997,"d":"RD$145,815,960.70"}},"COMPRA DIRECTA","VENTA DE SERVICIOS",{"$nulls":6},"1015 - Semillas, bulbos, plántulas y esquejes",null,null,"COMPRA MENOR"]
["1511 - Combustibles","GAS","GALONES",255,255,255,255,{"$f":"SUM(Tabla1[[#This Row],[PRIMER TRIMESTRE]:[CUARTO TRIMESTRE]])","v":1020},{"v":147.6,"d":"RD$147.60"},{"$f":"+H17*I17","v":{"v":150552,"d":"RD$150,552.00"}},{"$f":"+I17*J17","v":{"v":22221475.2,"d":"RD$22,221,475.20"}},"COMPRA DIRECTA","VENTA DE SERVICIOS",{"$nulls":6},"1016 - Productos de floricultura y silvicultura",null,null,"COMPRA DIRECTA"]
["1214 - Elementos y gases","OXIGENO","TANQUE",42,42,42,42,950,{"v":750.75,"d":"RD$750.75"},{"v":713212.5,"d":"RD$713,212.50"},{"v":535444284.375,"d":"RD$535,444,284.38"},"COMPRA DIRECTA","VENTA DE SERVICIOS",{"$nulls":6},"1017 - Abonos, nutrientes para plantas y herbicidas"]
["1019 - Productos para el control de plagas y malas hierbas ","FUMIGACION","UNIDAD",3,3,3,3,{"$f":"SUM(Tabla1[[#This Row],[PRIMER TRIMESTRE]:[CUARTO TRIMESTRE]])","v":12},{"v":5175,"d":"RD$5,175.00"},{"$f":"+H19*I19","v":{"v":62100,"d":"RD$62,100.00"}},{"$f":"+I19*J19","v":{"v":321367500,"d":"RD$321,367,500.00"}},"COMPRA DIRECTA","FONDO OPERATIVO",{"$nulls":6},"1019 - Productos para el control de plagas y malas hierbas "]
["4323 - Software","PROGRAMA LABPLUS","UNIDAD",3,3,3,3,{"$f":"SUM(Tabla1[[#This Row],[PRIMER TRIMESTRE]:[CUARTO TRIMESTRE]])","v":12},{"v":11500,"d":"RD$11,500.00"},{"v":138000,"d":"RD$138,000.00"},{"v":1587000000,"d":"RD$1,587,000,000.00"},"COMPRA DIRECTA","VENTA DE SERVICIOS",{"$nulls":6},"1110 - Minerales, minerales metálicos y metales"]
["4112 - Suministros y accesorios de laboratorio","PRUEBA DE EMBARAZO","CAJA",10,10,10,10,{"$f":"SUM(Tabla1[[#This Row],[PRIMER TRIMESTRE]:[CUARTO TRIMESTRE]])","v":40},{"v":819,"d":"RD$819.00"},{"v":32760,"d":"RD$32,760.00"},{"v":26830440,"d":"RD$26,830,440.00"},"COMPRA DIRECTA","VENTA DE SERVICIOS",{"$nulls":6},"1111 - Tierra y piedra"]
["4113 - Suministros y accesorios de laboratorio","TOXO","UNIDAD ",3,3,3,3,{"$f":"SUM(Tabla1[[#This Row],[PRIMER TRIMESTRE]:[CUARTO TRIMESTRE]])","v":12},{"v":2810.5,"d":"RD$2,810.50"},{"v":33726,"d":"RD$33,726.00"},{"v":94786923,"d":"RD$94,786,923.00"},"COMPRA DIRECTA","VENTA DE SERVICIOS",{"$nulls":6},"1112 - Productos no comestibles de planta y silvicultura"]
["4114 - Suministros y accesorios de laboratorio","PSA","UNIDAD ",6,6,6,6,{"$f":"SUM(Tabla1[[#This Row],[PRIMER TRIMESTRE]:[CUARTO TRIMESTRE]])","v":24},{"v":2378,"d":"RD$2,378.00"},{"v":57072,"d":"RD$57,072.00"},{"v":135717216,"d":"RD$135,717,216.00"},"COMPRA DIRECTA","VENTA DE SERVICIOS",{"$nulls":6},"1113 - Productos animales no comestibles"]
["4115 - Suministros y accesorios de laboratorio","STROMATOLYZER","UNIDAD ",15,15,15,15,{"$f":"SUM(Tabla1[[#This Row],[PRIMER TRIMESTRE]:[CUARTO TRIMESTRE]])","v":60},{"v":6773,"d":"RD$6,773.00"},{"v":406380,"d":"RD$406,380.00"},{"v":2752411740,"d":"RD$2,752,411,740.00"},"COMPRA DIRECTA","VENTA DE SERVICIOS",{"$nulls":6},"1114 - Chatarra y materiales de desecho"]
["4116 - Suministros y accesorios de laboratorio","CELLPACK","UNIDAD ",18,18,18,18,{"$f":"SUM(Tabla1[[#This Row],[PRIMER TRIMESTRE]:[CUARTO TRIMESTRE]])","v":72},{"v":5557,"d":"RD$5,557.00"},{"v":400104,"d":"RD$400,104.00"},{"v":2223377928,"d":"RD$2,223,377,928.00"},"COMPRA DIRECTA","VENTA DE SERVICIOS",{"$nulls":6},"1115 - Fibra, hilos e hilados"]
["4117 - Suministros y accesorios de laboratorio","TIRA ORINA","UNIDAD ",26,26,26,26,{"$f":"SUM(Tabla1[[#This Row],[PRIMER TRIMESTRE]:[CUARTO TRIMESTRE]])","v":104},{"v":672.7,"d":"RD$672.70"},{"v":69960.8,"d":"RD$69,960.80"},{"v":47062630.160000004,"d":"RD$47,062,630.16"},"COMPRA DIRECTA","VENTA DE SERVICIOS",{"$nulls":6},"1116 - Tejidos y materiales de cuero"]
["4118 - Suministros y accesorios de laboratorio","PORTAOBJETO ESMERILADO","UNIDAD ",30,30,30,30,{"$f":"SUM(Tabla1[[#This Row],[PRIMER TRIMESTRE]:[CUARTO TRIMESTRE]])","v":120},{"v":249,"d":"RD$249.00"},{"v":29880,"d":"RD$29,880.00"},{"v":7440120,"d":"RD$7,440,120.00"},"COMPRA DIRECTA","VENTA DE SERVICIOS",{"$nulls":6},"1117 - Aleaciones"]
["4119 - Suministros y accesorios de laboratorio","VACUT ROJO","UNIDAD ",60,60,60,60,{"$f":"SUM(Tabla1[[#This Row],[PRIMER TRIMESTRE]:[CUARTO TRIMESTRE]])","v":240},{"v":606.1,"d":"RD$606.10"},{"v":145464,"d":"RD$145,464.00"},{"v":88165730.4,"d":"RD$88,165,730.40"},"COMPRA DIRECTA","VENTA DE SERVICIOS",{"$nulls":6},"1118 - Óxido metálico"]
["4120 - Suministros y accesorios de laboratorio","VACUT MORADO","UNIDAD ",60,60,60,60,{"$f":"SUM(Tabla1[[#This Row],[PRIMER TRIMESTRE]:[CUARTO TRIMESTRE]])","v":240},{"v":606.1,"d":"RD$606.10"},{"v":145464,"d":"RD$145,464.00"},{"v":88165730.4,"d":"RD$88,165,730.40"},"COMPRA DIRECTA","VENTA DE SERVICIOS",{"$nulls":6},"1119 - Desechos metálicos y chatarra"]
["4121 - Suministros y accesorios de laboratorio","TUBO 13X100","UNIDAD ",18,18,18,18,{"$f":"SUM(Tabla1[[#This Row],[PRIMER TRIMESTRE]:[CUARTO TRIMESTRE]])","v":72},{"v":707,"d":"RD$707.00"},{"v":50904,"d":"RD$50,904.00"},{"v":35989128,"d":"RD$35,989,128.00"},"COMPRA DIRECTA","VENTA DE SERVICIOS",{"$nulls":6},"1213 - Materiales explosivos"]
["4122 - Suministros y accesorios de laboratorio","TUBO 12X75","UNIDAD ",18,18,18,18,{"$f":"SUM(Tabla1[[#This Row],[PRIMER TRIMESTRE]:[CUARTO TRIMESTRE]])","v":72},{"v":504,"d":"RD$504.00"},{"v":36288,"d":"RD$36,288.00"},{"v":18289152,"d":"RD$18,289,152.00"},"COMPRA DIRECTA","VENTA DE SERVICIOS",{"$nulls":6},"1214 - Elementos y gases"]
["4123 - Suministros y accesorios de laboratorio","TROPONINA","CAJA",6,6,6,6,{"$f":"SUM(Tabla1[[#This Row],[PRIMER TRIMESTRE]:[CUARTO TRIMESTRE]])","v":24},{"v":2300,"d":"RD$2,300.00"},{"v":55200,"d":"RD$55,200.00"},{"v":126960000,"d":"RD$126,960,000.00"},"COMPRA DIRECTA","VENTA DE SERVICIOS",{"$nulls":6},"1216 - Aditivos"]
["4124 - Suministros y accesorios de laboratorio","H PYLORI","UNIDAD ",6,6,6,6,{"$f":"SUM(Tabla1[[#This Row],[PRIMER TRIMESTRE]:[CUARTO TRIMESTRE]])","v":24},{"v":4192,"d":"RD$4,192.00"},{"v":100608,"d":"RD$100,608.00"},{"v":421748736,"d":"RD$421,748,736.00"},"COMPRA DIRECTA","VENTA DE SERVICIOS",{"$nulls":6},"1217 - Colorantes"]
["4125 - Suministros y accesorios de laboratorio","CURITA REDONDA","UNIDAD ",30,30,30,30,{"$f":"SUM(Tabla1[[#This Row],[PRIMER TRIMESTRE]:[CUARTO TRIMESTRE]])","v":120},{"v":163.9,"d":"RD$163.90"},{"v":19668,"d":"RD$19,668.00"},{"v":3223585.2,"d":"RD$3,223,585.20"},"COMPRA DIRECTA","VENTA DE SERVICIOS",{"$nulls":6},"1218 - Ceras y aceites"]
["4126 - Suministros y accesorios de laboratorio","APLICADOR DE MADERA","UNIDAD ",15,15,15,15,{"$f":"SUM(Tabla1[[#This Row],[PRIMER TRIMESTRE]:[CUARTO TRIMESTRE]])","v":60},{"v":556.6,"d":"RD$556.60"},{"v":33396,"d":"RD$33,396.00"},{"v":18588213.6,"d":"RD$18,588,213.60"},"COMPRA DIRECTA","VENTA DE SERVICIOS",{"$nulls":6},"1219 - Solventes"]
["4127 - Suministros y accesorios de laboratorio","TGP/ALT","UNIDAD ",6,6,6,6,{"$f":"SUM(Tabla1[[#This Row],[PRIMER TRIMESTRE]:[CUARTO TRIMESTRE]])","v":24},{"v":1251.7,"d":"RD$1,251.70"},{"v":30040.800000000003,"d":"RD$30,040.80"},{"v":37602069.36000001,"d":"RD$37,602,069.36"},"COMPRA DIRECTA","VENTA DE SERVICIOS",{"$nulls":6},"1235 - Compuestos y mezclas"]
["4128 - Suministros y accesorios de laboratorio","A25 GLUCOSA","CAJA",15,15,15,15,{"$f":"SUM(Tabla1[[#This Row],[PRIMER TRIMESTRE]:[CUARTO TRIMESTRE]])","v":60},{"v":252,"d":"RD$252.00"},{"v":15120,"d":"RD$15,120.00"},{"v":3810240,"d":"RD$3,810,240.00"},"COMPRA DIRECTA","VENTA DE SERVICIOS",{"$nulls":6},"1310 - Caucho y elastómeros"]
["4129 - Suministros y accesorios de laboratorio","A25 UREA","UNIDAD ",9,9,9,9,{"$f":"SUM(Tabla1[[#This Row],[PRIMER TRIMESTRE]:[CUARTO TRIMESTRE]])","v":36},{"v":661.1,"d":"RD$661.10"},{"v":23799.600000000002,"d":"RD$23,799.60"},{"v":15733915.560000002,"d":"RD$15,733,915.56"},"COMPRA DIRECTA","VENTA DE SERVICIOS",{"$nulls":6},"1311 - Resinas y colofonias y otros materiales derivados de resina"]
["4130 - Suministros y accesorios de laboratorio","A25 CREATININA","UNIDAD ",9,9,9,9,{"$f":"SUM(Tabla1[[#This Row],[PRIMER TRIMESTRE]:[CUARTO TRIMESTRE]])","v":36},{"v":278,"d":"RD$278.00"},{"v":10008,"d":"RD$10,008.00"},{"v":2782224,"d":"RD$2,782,224.00"},"COMPRA DIRECTA","VENTA DE SERVICIOS",{"$nulls":6},"1410 - Materiales de papel"]
["4131 - Suministros y accesorios de laboratorio","A25 COLESTEROL","CAJA",12,12,12,12,{"$f":"SUM(Tabla1[[#This Row],[PRIMER TRIMESTRE]:[CUARTO TRIMESTRE]])","v":48},{"v":5895,"d":"RD$5,895.00"},{"v":282960,"d":"RD$282,960.00"},{"v":1668049200,"d":"RD$1,668,049,200.00"},"COMPRA DIRECTA","VENTA DE SERVICIOS",{"$nulls":6},"1411 - Productos de papel"]
["4132 - Suministros y accesorios de laboratorio","A25 TRIGLIC","CAJA",6,6,6,6,{"$f":"SUM(Tabla1[[#This Row],[PRIMER TRIMESTRE]:[CUARTO TRIMESTRE]])","v":24},{"v":5754,"d":"RD$5,754.00"},{"v":138096,"d":"RD$138,096.00"},{"v":794604384,"d":"RD$794,604,384.00"},"COMPRA DIRECTA","VENTA DE SERVICIOS",{"$nulls":6},"1412 - Papel para uso industrial"]
["4133 - Suministros y accesorios de laboratorio","A25 ACIDO URICO","UNIDAD ",3,3,3,3,{"$f":"SUM(Tabla1[[#This Row],[PRIMER TRIMESTRE]:[CUARTO TRIMESTRE]])","v":12},{"v":1009.8,"d":"RD$1,009.80"},{"v":12117.599999999999,"d":"RD$12,117.60"},{"v":12236352.479999999,"d":"RD$12,236,352.48"},"COMPRA DIRECTA","VENTA DE SERVICIOS",{"$nulls":6},"1510 - Combustibles"]
["4134 - Suministros y accesorios de laboratorio","A25 TGO/AST","UNIDAD ",6,6,6,6,{"$f":"SUM(Tabla1[[#This Row],[PRIMER TRIMESTRE]:[CUARTO TRIMESTRE]])","v":24},{"v":1261.7,"d":"RD$1,261.70"},{"v":30280.800000000003,"d":"RD$30,280.80"},{"v":38205285.36000001,"d":"RD$38,205,285.36"},"COMPRA DIRECTA","VENTA DE SERVICIOS",{"$nulls":6},"1511 - Combustibles gaseosos y aditivos"]
["4135 - Suministros y accesorios de laboratorio","A25 TGP/ALT","UNIDAD ",6,6,6,6,{"$f":"SUM(Tabla1[[#This Row],[PRIMER TRIMESTRE]:[CUARTO TRIMESTRE]])","v":24},{"v":1261.7,"d":"RD$1,261.70"},{"v":30280.800000000003,"d":"RD$30,280.80"},{"v":38205285.36000001,"d":"RD$38,205,285.36"},"COMPRA DIRECTA","VENTA DE SERVICIOS",{"$nulls":6},"1512 - Lubricantes, aceites, grasas y anticorrosivos"]
["4136 - Suministros y accesorios de laboratorio","A25 AMILASA","UNIDAD ",3,3,3,3,{"$f":"SUM(Tabla1[[#This Row],[PRIMER TRIMESTRE]:[CUARTO TRIMESTRE]])","v":12},{"v":2403.5,"d":"RD$2,403.50"},{"v":28842,"d":"RD$28,842.00"},{"v":69321747,"d":"RD$69,321,747.00"},"COMPRA DIRECTA","VENTA DE SERVICIOS",{"$nulls":6},"1513 - Combustible para reactores nucleares"]
["4137 - Suministros y accesorios de laboratorio","A25 HDL-C","UNIDAD ",6,6,6,6,{"$f":"SUM(Tabla1[[#This Row],[PRIMER TRIMESTRE]:[CUARTO TRIMESTRE]])","v":24},{"v":9746,"d":"RD$9,746.00"},{"v":233904,"d":"RD$233,904.00"},{"v":2279628384,"d":"RD$2,279,628,384.00"},"COMPRA DIRECTA","VENTA DE SERVICIOS",{"$nulls":6},"2010 - Maquinaria y equipo de minería y explotación de canteras"]
["4138 - Suministros y accesorios de laboratorio","25 LDL-C","UNIDAD ",6,6,6,6,{"$f":"SUM(Tabla1[[#This Row],[PRIMER TRIMESTRE]:[CUARTO TRIMESTRE]])","v":24},{"v":9746,"d":"RD$9,746.00"},{"$f":"+H47*I47","v":{"v":233904,"d":"RD$233,904.00"}},{"v":2279628384,"d":"RD$2,279,628,384.00"},"COMPRA DIRECTA","VENTA DE SERVICIOS",{"$nulls":6},"2011 - Equipo de perforación y explotación de pozos"]
["4139 - Suministros y accesorios de laboratorio","A25, BA SAMPLE CUP","UNIDAD ",6,6,6,6,{"$f":"SUM(Tabla1[[#This Row],[PRIMER TRIMESTRE]:[CUARTO TRIMESTRE]])","v":24},{"v":3242.8,"d":"RD$3,242.80"},{"v":77827.20000000001,"d":"RD$77,827.20"},{"v":252378044.16000006,"d":"RD$252,378,044.16"},"COMPRA DIRECTA","VENTA DE SERVICIOS",{"$nulls":6},"2012 - Equipo para perforación y exploración para petróleo"]
["4140 - Suministros y accesorios de laboratorio","A25 LIQUIDO DE SISTEMA","GALONES",30,30,30,30,{"$f":"SUM(Tabla1[[#This Row],[PRIMER TRIMESTRE]:[CUARTO TRIMESTRE]])","v":120},{"v":720.5,"d":"RD$720.50"},{"v":86460,"d":"RD$86,460.00"},{"v":62294430,"d":"RD$62,294,430.00"},"COMPRA DIRECTA","VENTA DE SERVICIOS",{"$nulls":6},"2013 - Materiales para operaciones y perforación de petróleo y gas"]
["4142 - Suministros y accesorios de laboratorio","GLUCOSA","UNIDAD ",15,15,15,15,{"$f":"SUM(Tabla1[[#This Row],[PRIMER TRIMESTRE]:[CUARTO TRIMESTRE]])","v":60},{"v":252,"d":"RD$252.00"},{"v":15120,"d":"RD$15,120.00"},{"v":3810240,"d":"RD$3,810,240.00"},"COMPRA DIRECTA","VENTA DE SERVICIOS",{"$nulls":6},"2014 - Equipo de producción y operación de gas y petróleo"]
["4145 - Suministros y accesorios de laboratorio","SODIO COLORIMETRICO","CAJA",3,3,3,3,{"$f":"SUM(Tabla1[[#This Row],[PRIMER TRIMESTRE]:[CUARTO TRIMESTRE]])","v":12},{"v":6196.3,"d":"RD$6,196.30"},{"v":74355.6,"d":"RD$74,355.60"},{"v":460729604.28000003,"d":"RD$460,729,604.28"},"COMPRA DIRECTA","VENTA DE SERVICIOS",{"$nulls":6},"2110 - Maquinaria y equipo para agricultura, silvicultura y paisaje"]
["4146 - Suministros y accesorios de laboratorio","POTASIO COLORIMETRICO","CAJA",3,3,3,3,{"$f":"SUM(Tabla1[[#This Row],[PRIMER TRIMESTRE]:[CUARTO TRIMESTRE]])","v":12},{"v":6196.3,"d":"RD$6,196.30"},{"v":74355.6,"d":"RD$74,355.60"},{"v":460729604.28000003,"d":"RD$460,729,604.28"},"COMPRA DIRECTA","VENTA DE SERVICIOS",{"$nulls":6},"2111 - Equipo de pesca y acuicultura"]
["4148 - Suministros y accesorios de laboratorio","UREA","UNIDAD ",9,9,9,9,{"$f":"SUM(Tabla1[[#This Row],[PRIMER TRIMESTRE]:[CUARTO TRIMESTRE]])","v":36},{"v":651.1,"d":"RD$651.10"},{"v":23439.600000000002,"d":"RD$23,439.60"},{"v":15261523.560000002,"d":"RD$15,261,523.56"},"COMPRA DIRECTA","VENTA DE SERVICIOS",{"$nulls":6},"2210 - Maquinaria y equipo pesado de construcción"]
["4149 - Suministros y accesorios de laboratorio","TIP AZUL UNIVERSAL","UNIDAD ",3,3,3,3,{"$f":"SUM(Tabla1[[#This Row],[PRIMER TRIMESTRE]:[CUARTO TRIMESTRE]])","v":12},{"v":400.4,"d":"RD$400.40"},{"v":4804.799999999999,"d":"RD$4,804.80"},{"v":1923841.9199999997,"d":"RD$1,923,841.92"},"COMPRA DIRECTA","VENTA DE SERVICIOS",{"$nulls":6},"2310 - Maquinaria para la transformación de materias primas"]
["4150 - Suministros y accesorios de laboratorio","COLESTEROL","UNIDAD ",6,6,6,6,{"$f":"SUM(Tabla1[[#This Row],[PRIMER TRIMESTRE]:[CUARTO TRIMESTRE]])","v":24},{"v":1779.8,"d":"RD$1,779.80"},{"v":42715.2,"d":"RD$42,715.20"},{"v":76024512.96,"d":"RD$76,024,512.96"},"COMPRA DIRECTA","VENTA DE SERVICIOS",{"$nulls":6},"2311 - Maquinaria para transformación de petróleo"]
["4151 - Suministros y accesorios de laboratorio","PIPETA PASTERUR (GOTERO PLASTICO)","UNIDAD ",9,9,9,9,{"$f":"SUM(Tabla1[[#This Row],[PRIMER TRIMESTRE]:[CUARTO TRIMESTRE]])","v":36},{"v":777.7,"d":"RD$777.70"},{"v":27997.2,"d":"RD$27,997.20"},{"v":21773422.44,"d":"RD$21,773,422.44"},"COMPRA DIRECTA","VENTA DE SERVICIOS",{"$nulls":6},"2312 - Maquinaria y accesorios de textiles y tejidos"]
["4152 - Suministros y accesorios de laboratorio","ANTI-B","UNIDAD ",3,3,3,3,{"$f":"SUM(Tabla1[[#This Row],[PRIMER TRIMESTRE]:[CUARTO TRIMESTRE]])","v":12},{"v":378.4,"d":"RD$378.40"},{"v":4540.799999999999,"d":"RD$4,540.80"},{"v":1718238.7199999995,"d":"RD$1,718,238.72"},"COMPRA DIRECTA","VENTA DE SERVICIOS",{"$nulls":6},"2313 - Maquinaria y equipos lapidarios"]
["4153 - Suministros y accesorios de laboratorio","ANTI-D","UNIDAD ",3,3,3,3,{"$f":"SUM(Tabla1[[#This Row],[PRIMER TRIMESTRE]:[CUARTO TRIMESTRE]])","v":12},{"v":548.9,"d":"RD$548.90"},{"v":6586.799999999999,"d":"RD$6,586.80"},{"v":3615494.5199999996,"d":"RD$3,615,494.52"},"COMPRA DIRECTA","VENTA DE SERVICIOS",{"$nulls":6},"2314 - Maquinaria de reparación y accesorios para trabajar cuero"]
["4153 - Suministros y accesorios de laboratorio","ANTI-A","UNIDAD",3,3,3,3,{"$f":"SUM(Tabla1[[#This Row],[PRIMER TRIMESTRE]:[CUARTO TRIMESTRE]])","v":12},{"v":378.4,"d":"RD$378.40"},{"$f":"+H59*I59","v":{"v":4540.799999999999,"d":"RD$4,540.80"}},{"$f":"+I59*J59","v":{"v":1718238.7199999995,"d":"RD$1,718,238.72"}},"COMPRA DIRECTA","VENTA DE SERVICIOS",{"$nulls":6},"2315 - Maquinaria, equipo y suministros de procesos industriales"]
["4154 - Suministros y accesorios de laboratorio","PROTEINA C REACTIVA","UNIDAD ",9,9,9,9,{"$f":"SUM(Tabla1[[#This Row],[PRIMER TRIMESTRE]:[CUARTO TRIMESTRE]])","v":36},{"v":2522.3,"d":"RD$2,522.30"},{"v":90802.8,"d":"RD$90,802.80"},{"v":229031902.44000003,"d":"RD$229,031,902.44"},"COMPRA DIRECTA","VENTA DE SERVICIOS",{"$nulls":6},"2316 - Máquinas, equipo y suministros para fundición"]
["4156 - Suministros y accesorios de laboratorio","HCV","UNIDAD ",9,9,9,9,{"$f":"SUM(Tabla1[[#This Row],[PRIMER TRIMESTRE]:[CUARTO TRIMESTRE]])","v":36},{"v":3390.7,"d":"RD$3,390.70"},{"v":122065.2,"d":"RD$122,065.20"},{"v":413886473.64,"d":"RD$413,886,473.64"},"COMPRA DIRECTA","VENTA DE SERVICIOS",{"$nulls":6},"2317 - Maquinaria, equipo y suministros para talleres"]
["4157 - Suministros y accesorios de laboratorio","HBSAG","UNIDAD ",9,9,9,9,{"$f":"SUM(Tabla1[[#This Row],[PRIMER TRIMESTRE]:[CUARTO TRIMESTRE]])","v":36},{"v":3314.3,"d":"RD$3,314.30"},{"v":3314.3,"d":"RD$3,314.30"},{"v":3314.3,"d":"RD$3,314.30"},"COMPRA DIRECTA","VENTA DE SERVICIOS",{"$nulls":6},"2318 - Equipo industrial para alimentos y bebidas"]
["5013 - Productos lácteos y huevos","CARTONES DE HUEVO","CARTONES",51,51,51,51,{"$f":"SUM(Tabla1[[#This Row],[PRIMER TRIMESTRE]:[CUARTO TRIMESTRE]])","v":204},{"v":190,"d":"RD$190.00"},{"v":38760,"d":"RD$38,760.00"},{"v":7364400,"d":"RD$7,364,400.00"},"COMPRA DIRECTA","VENTA DE SERVICIOS",{"$nulls":6},"2319 - Mezcladores y sus partes y accesorios"]
["5019 - Alimentos preparados y conservados","JAMON MUSLO DE PAVO","LIBRAS",60,60,60,60,{"$f":"SUM(Tabla1[[#This Row],[PRIMER TRIMESTRE]:[CUARTO TRIMESTRE]])","v":240},{"v":220,"d":"RD$220.00"},{"v":52800,"d":"RD$52,800.00"},{"v":11616000,"d":"RD$11,616,000.00"},"COMPRA DIRECTA","VENTA DE SERVICIOS",{"$nulls":6},"2320 - Equipamiento par transferencia de masa"]
["5019 - Alimentos preparados y conservados","SALAMI","LIBRAS",75,75,75,75,{"$f":"SUM(Tabla1[[#This Row],[PRIMER TRIMESTRE]:[CUARTO TRIMESTRE]])","v":300},{"v":115,"d":"RD$115.00"},{"v":34500,"d":"RD$34,500.00"},{"v":3967500,"d":"RD$3,967,500.00"},"COMPRA DIRECTA","VENTA DE SERVICIOS",{"$nulls":6},"2321 - Maquinaria de fabricación electrónica, equipo y accesorios"]
["5020 - Alimentos preparados y conservados","AJO","LIBRAS",14,14,14,14,{"$f":"SUM(Tabla1[[#This Row],[PRIMER TRIMESTRE]:[CUARTO TRIMESTRE]])","v":56},{"v":130,"d":"RD$130.00"},{"v":7280,"d":"RD$7,280.00"},{"v":946400,"d":"RD$946,400.00"},"COMPRA DIRECTA","VENTA DE SERVICIOS",{"$nulls":6},"2322 - Equipo y maquinaria de procesamiento de pollos"]
["5021 - Alimentos preparados y conservados","ACEITE DE CANOLA","UNIDADES",18,18,18,18,{"$f":"SUM(Tabla1[[#This Row],[PRIMER TRIMESTRE]:[CUARTO TRIMESTRE]])","v":72},{"v":644.07,"d":"RD$644.07"},{"v":46373.04,"d":"RD$46,373.04"},{"v":29867483.872800004,"d":"RD$29,867,483.87"},"COMPRA DIRECTA","VENTA DE SERVICIOS",{"$nulls":6},"2323 - Equipo y maquinaria de procesamiento de madera y aserrado"]
["5022 - Alimentos preparados y conservados","VINAGRE BLANCO","GALON",18,18,18,18,{"$f":"SUM(Tabla1[[#This Row],[PRIMER TRIMESTRE]:[CUARTO TRIMESTRE]])","v":72},{"v":84.75,"d":"RD$84.75"},{"v":6102,"d":"RD$6,102.00"},{"v":517144.5,"d":"RD$517,144.50"},"COMPRA DIRECTA","VENTA DE SERVICIOS",{"$nulls":6},"2410 - Maquinaria y equipo para manejo de materiales"]
["5023 - Alimentos preparados y conservados","CEBOLLA","LIBRAS",150,150,150,150,{"$f":"SUM(Tabla1[[#This Row],[PRIMER TRIMESTRE]:[CUARTO TRIMESTRE]])","v":600},{"v":40,"d":"RD$40.00"},{"v":24000,"d":"RD$24,000.00"},{"v":960000,"d":"RD$960,000.00"},"COMPRA DIRECTA","VENTA DE SERVICIOS",{"$nulls":6},"2411 - Recipientes y almacenamiento"]
["5024 - Alimentos preparados y conservados","SAL MOLIDA","LIBRAS",60,60,60,60,{"$f":"SUM(Tabla1[[#This Row],[PRIMER TRIMESTRE]:[CUARTO TRIMESTRE]])","v":240},{"v":10,"d":"RD$10.00"},{"v":2400,"d":"RD$2,400.00"},{"v":24000,"d":"RD$24,000.00"},"COMPRA DIRECTA","VENTA DE SERVICIOS",{"$nulls":6},"2412 - Materiales de envasado"]
["5025 - Alimentos preparados y conservados","CAFÉ DE SOBRE","PAQUETE",45,45,45,45,{"$f":"SUM(Tabla1[[#This Row],[PRIMER TRIMESTRE]:[CUARTO TRIMESTRE]])","v":180},{"v":224.14,"d":"RD$224.14"},{"v":40345.2,"d":"RD$40,345.20"},{"v":9042973.127999999,"d":"RD$9,042,973.13"},"COMPRA DIRECTA","VENTA DE SERVICIOS",{"$nulls":6},"2413 - Refrigeración industrial"]
["5026 - Alimentos preparados y conservados","CANELA","LIBRAS",9,9,9,9,{"$f":"SUM(Tabla1[[#This Row],[PRIMER TRIMESTRE]:[CUARTO TRIMESTRE]])","v":36},{"v":200,"d":"RD$200.00"},{"v":7200,"d":"RD$7,200.00"},{"v":1440000,"d":"RD$1,440,000.00"},"COMPRA DIRECTA","VENTA DE SERVICIOS",{"$nulls":6},"2414 - Suministros de embalaje"]
["5027 - Alimentos preparados y conservados","QUESO MOZARELLA","LIBRAS",90,90,90,90,{"$f":"SUM(Tabla1[[#This Row],[PRIMER TRIMESTRE]:[CUARTO TRIMESTRE]])","v":360},{"v":210,"d":"RD$210.00"},{"v":75600,"d":"RD$75,600.00"},{"v":15876000,"d":"RD$15,876,000.00"},"COMPRA DIRECTA","VENTA DE SERVICIOS",{"$nulls":6},"2510 - Vehículos de motor"]
["5028 - Alimentos preparados y conservados","MANTEQUILLA","LIBRAS",24,24,24,24,{"$f":"SUM(Tabla1[[#This Row],[PRIMER TRIMESTRE]:[CUARTO TRIMESTRE]])","v":96},{"v":169.49,"d":"RD$169.49"},{"v":16271.04,"d":"RD$16,271.04"},{"v":2757778.5696000005,"d":"RD$2,757,778.57"},"COMPRA DIRECTA","VENTA DE SERVICIOS",{"$nulls":6},"2511 - Transporte marítimo"]
["5029 - Alimentos preparados y conservados","BACALAO","LIBRAS",45,45,45,45,{"$f":"SUM(Tabla1[[#This Row],[PRIMER TRIMESTRE]:[CUARTO TRIMESTRE]])","v":180},{"v":180,"d":"RD$180.00"},{"$f":"+H75*I75","v":{"v":32400,"d":"RD$32,400.00"}},{"v":5832000,"d":"RD$5,832,000.00"},"COMPRA DIRECTA","VENTA DE SERVICIOS",{"$nulls":6},"2512 - Maquinaria y equipo para ferrocarril y tranvías"]
["5031 - Alimentos preparados y conservados","GELATINA MEDIANA","UNIDADES",120,120,120,120,{"$f":"SUM(Tabla1[[#This Row],[PRIMER TRIMESTRE]:[CUARTO TRIMESTRE]])","v":480},{"v":21.189,"d":"RD$21.19"},{"v":10170.72,"d":"RD$10,170.72"},{"v":215507.38608,"d":"RD$215,507.39"},"COMPRA DIRECTA","VENTA DE SERVICIOS",{"$nulls":6},"2513 - Aeronaves"]
["5032 - Alimentos preparados y conservados","FUNDA DE LECHE 5 LIB.","UNIDADES",30,30,30,30,{"$f":"SUM(Tabla1[[#This Row],[PRIMER TRIMESTRE]:[CUARTO TRIMESTRE]])","v":120},{"v":1150,"d":"RD$1,150.00"},{"v":138000,"d":"RD$138,000.00"},{"v":158700000,"d":"RD$158,700,000.00"},"COMPRA DIRECTA","VENTA DE SERVICIOS",{"$nulls":6},"2515 - Cosmonaves"]
["5033 - Alimentos preparados y conservados","YOGURT","UNIDAD",18,18,18,18,{"$f":"SUM(Tabla1[[#This Row],[PRIMER TRIMESTRE]:[CUARTO TRIMESTRE]])","v":72},{"v":288.14,"d":"RD$288.14"},{"v":20746.079999999998,"d":"RD$20,746.08"},{"v":5977775.491199999,"d":"RD$5,977,775.49"},"COMPRA DIRECTA","VENTA DE SERVICIOS",{"$nulls":6},"2516 - Bicicletas no motorizadas"]
["5034 - Alimentos preparados y conservados","SACO DE AZUCAR 125","LIBRAS",3,3,3,3,{"$f":"SUM(Tabla1[[#This Row],[PRIMER TRIMESTRE]:[CUARTO TRIMESTRE]])","v":12},{"v":2844.83,"d":"RD$2,844.83"},{"v":34137.96,"d":"RD$34,137.96"},{"v":97116692.74679999,"d":"RD$97,116,692.75"},"COMPRA DIRECTA","VENTA DE SERVICIOS",{"$nulls":6},"2517 - Componentes y sistemas de transporte"]
["5036 - Alimentos preparados y conservados","LECHE DESCREMADA","UNIDADES",45,45,45,45,{"$f":"SUM(Tabla1[[#This Row],[PRIMER TRIMESTRE]:[CUARTO TRIMESTRE]])","v":180},{"v":85,"d":"RD$85.00"},{"v":15300,"d":"RD$15,300.00"},{"v":1300500,"d":"RD$1,300,500.00"},"COMPRA DIRECTA","VENTA DE SERVICIOS",{"$nulls":6},"2518 - Carrocerías y remolques  "]
["5037 - Alimentos preparados y conservados","HARINA DEL NEGRITO","UNIDADES",18,18,8,18,{"$f":"SUM(Tabla1[[#This Row],[PRIMER TRIMESTRE]:[CUARTO TRIMESTRE]])","v":62},{"v":101.59,"d":"RD$101.59"},{"v":6298.58,"d":"RD$6,298.58"},{"v":639872.7422,"d":"RD$639,872.74"},"COMPRA DIRECTA","VENTA DE SERVICIOS",{"$nulls":6},"2519 - Equipo para servicios de transporte"]
["5042 - Alimentos preparados y conservados","SACO DE ARROZ 125 LIB.","UNIDAD",6,6,6,6,{"$f":"SUM(Tabla1[[#This Row],[PRIMER TRIMESTRE]:[CUARTO TRIMESTRE]])","v":24},{"v":3200,"d":"RD$3,200.00"},{"v":76800,"d":"RD$76,800.00"},{"v":245760000,"d":"RD$245,760,000.00"},"COMPRA DIRECTA","VENTA DE SERVICIOS",{"$nulls":6},"2520 - Sistemas aeroespaciales y componentes y equipo"]
["5044 - Alimentos preparados y conservados","HABICHUELA ROJAS","LIBRAS",18,18,18,18,{"$f":"SUM(Tabla1[[#This Row],[PRIMER TRIMESTRE]:[CUARTO TRIMESTRE]])","v":72},{"v":65,"d":"RD$65.00"},{"v":4680,"d":"RD$4,680.00"},{"v":304200,"d":"RD$304,200.00"},"COMPRA DIRECTA","VENTA DE SERVICIOS",{"$nulls":6},"2610 - Fuentes de energía"]
["5045 - Alimentos preparados y conservados","HABICHUELA HABAS","LIBRAS",30,30,30,30,{"$f":"SUM(Tabla1[[#This Row],[PRIMER TRIMESTRE]:[CUARTO TRIMESTRE]])","v":120},{"v":65,"d":"RD$65.00"},{"v":7800,"d":"RD$7,800.00"},{"v":507000,"d":"RD$507,000.00"},"COMPRA DIRECTA","VENTA DE SERVICIOS",{"$nulls":6},"2611 - Transmisión de baterías, generadores y energía cinética"]
["2412 - Materiales de envasado","VASOS NO.7","CAJAS",360,360,360,360,{"$f":"SUM(Tabla1[[#This Row],[PRIMER TRIMESTRE]:[CUARTO TRIMESTRE]])","v":1440},{"v":55,"d":"RD$55.00"},{"v":79200,"d":"RD$79,200.00"},{"v":4356000,"d":"RD$4,356,000.00"},"COMPRA DIRECTA","VENTA DE SERVICIOS",{"$nulls":6},"2612 - Alambres, cables o arneses"]
["2413 - Materiales de envasado","VASOS NO.2","CAJAS",30,30,30,30,{"$f":"SUM(Tabla1[[#This Row],[PRIMER TRIMESTRE]:[CUARTO TRIMESTRE]])","v":120},{"v":118.64,"d":"RD$118.64"},{"v":14236.8,"d":"RD$14,236.80"},{"v":1689053.9519999998,"d":"RD$1,689,053.95"},"COMPRA DIRECTA","VENTA DE SERVICIOS",{"$nulls":6},"2613 - Generación de energía"]
["2414 - Materiales de envasado","VASOS NO.10","CAJA",30,30,30,30,{"$f":"SUM(Tabla1[[#This Row],[PRIMER TRIMESTRE]:[CUARTO TRIMESTRE]])","v":120},{"v":72,"d":"RD$72.00"},{"v":8640,"d":"RD$8,640.00"},{"v":622080,"d":"RD$622,080.00"},"COMPRA DIRECTA","VENTA DE SERVICIOS",{"$nulls":6},"2614 - Maquinaria y equipo para energía atómica o nuclear"]
["2415 - Materiales de envasado","CUCHARAS PLASTICAS","PAQUETES",345,345,3.45,345,{"$f":"SUM(Tabla1[[#This Row],[PRIMER TRIMESTRE]:[CUARTO TRIMESTRE]])","v":1038.45},{"v":29.56,"d":"RD$29.56"},{"v":30696.582,"d":"RD$30,696.58"},{"v":907390.9639199999,"d":"RD$907,390.96"},"COMPRA DIRECTA","VENTA DE SERVICIOS",{"$nulls":6},"2711 - Herramientas de mano"]
["2416 - Materiales de envasado","PAPEL PVC 14 ","UNIDAD",3,3,3,3,{"$f":"SUM(Tabla1[[#This Row],[PRIMER TRIMESTRE]:[CUARTO TRIMESTRE]])","v":12},{"v":1144,"d":"RD$1,144.00"},{"v":13728,"d":"RD$13,728.00"},{"v":15704832,"d":"RD$15,704,832.00"},"COMPRA DIRECTA","VENTA DE SERVICIOS",{"$nulls":6},"2712 - Maquinaria y equipo hidráulico"]
["2417 - Materiales de envasado","FUNDAS NEGRAS 55 GALONES","PAQUETE",2100,2100,2100,2100,{"$f":"SUM(Tabla1[[#This Row],[PRIMER TRIMESTRE]:[CUARTO TRIMESTRE]])","v":8400},{"v":90,"d":"RD$90.00"},{"v":756000,"d":"RD$756,000.00"},{"v":68040000,"d":"RD$68,040,000.00"},"COMPRA DIRECTA","VENTA DE SERVICIOS",{"$nulls":6},"2713 - Maquinaria y equipo neumático"]
["2418 - Materiales de envasado","FUNDAS ROJAS DE 55 GALONES","UNIDAD",2100,2100,2100,2100,{"$f":"SUM(Tabla1[[#This Row],[PRIMER TRIMESTRE]:[CUARTO TRIMESTRE]])","v":8400},{"v":9.2,"d":"RD$9.20"},{"v":77280,"d":"RD$77,280.00"},{"v":710976,"d":"RD$710,976.00"},"COMPRA DIRECTA","VENTA DE SERVICIOS",{"$nulls":6},"2714 - Herramientas especializadas de automoción"]
["2419 - Materiales de envasado","FUNDAS NEGRAS 17X22","PAQUETE",600,600,600,600,{"$f":"SUM(Tabla1[[#This Row],[PRIMER TRIMESTRE]:[CUARTO TRIMESTRE]])","v":2400},{"v":300,"d":"RD$300.00"},{"v":720000,"d":"RD$720,000.00"},{"v":216000000,"d":"RD$216,000,000.00"},"COMPRA DIRECTA","VENTA DE SERVICIOS",{"$nulls":6},"3010 - Materiales estructurales: formas básicas"]
["4713 - Suministros de limpieza","DESINFECTANTE DE PISO","UNIDAD",24,24,24,24,{"$f":"SUM(Tabla1[[#This Row],[PRIMER TRIMESTRE]:[CUARTO TRIMESTRE]])","v":96},{"v":546.9,"d":"RD$546.90"},{"v":52502.399999999994,"d":"RD$52,502.40"},{"v":28713562.559999995,"d":"RD$28,713,562.56"},"COMPRA DIRECTA","VENTA DE SERVICIOS",{"$nulls":6},"3011 - Hormigón, cemento y yeso"]
["4714 - Suministros de limpieza","DETERGENTE EN POLVO","SACO",30,30,30,30,{"$f":"SUM(Tabla1[[#This Row],[PRIMER TRIMESTRE]:[CUARTO TRIMESTRE]])","v":120},{"v":1650,"d":"RD$1,650.00"},{"v":198000,"d":"RD$198,000.00"},{"v":326700000,"d":"RD$326,700,000.00"},"COMPRA DIRECTA","VENTA DE SERVICIOS",{"$nulls":6},"3012 - Carreteras y paisaje"]
["4715 - Suministros de limpieza","CLORO MACIER","GALONES",90,90,90,90,{"$f":"SUM(Tabla1[[#This Row],[PRIMER TRIMESTRE]:[CUARTO TRIMESTRE]])","v":360},{"v":260,"d":"RD$260.00"},{"v":93600,"d":"RD$93,600.00"},{"v":24336000,"d":"RD$24,336,000.00"},"COMPRA DIRECTA","VENTA DE SERVICIOS",{"$nulls":6},"3013 - Productos de construcción estructurales"]
["4716 - Suministros de limpieza","PAPEL HIGIENICO JUMBO","FALDO",45,45,45,45,{"$f":"SUM(Tabla1[[#This Row],[PRIMER TRIMESTRE]:[CUARTO TRIMESTRE]])","v":180},{"v":1550,"d":"RD$1,550.00"},{"v":279000,"d":"RD$279,000.00"},{"v":432450000,"d":"RD$432,450,000.00"},"COMPRA DIRECTA","VENTA DE SERVICIOS",{"$nulls":6},"3014 - Aislamiento"]
["4410 - Maquinaria, suministros y accesorios de oficina","FOLDERS","CAJAS",9,9,9,9,{"$f":"SUM(Tabla1[[#This Row],[PRIMER TRIMESTRE]:[CUARTO TRIMESTRE]])","v":36},{"v":450,"d":"RD$450.00"},{"v":16200,"d":"RD$16,200.00"},{"v":7290000,"d":"RD$7,290,000.00"},"COMPRA DIRECTA","VENTA DE SERVICIOS",{"$nulls":6},"3015 - Materiales para acabado de exteriores"]
["4410 - Maquinaria, suministros y accesorios de oficina","LAPICEROS AZULES","CAJAS",9,9,9,9,{"$f":"SUM(Tabla1[[#This Row],[PRIMER TRIMESTRE]:[CUARTO TRIMESTRE]])","v":36},{"v":15,"d":"RD$15.00"},{"v":540,"d":"RD$540.00"},{"v":8100,"d":"RD$8,100.00"},"COMPRA DIRECTA","VENTA DE SERVICIOS",{"$nulls":6},"3016 - Materiales de acabado de interiores"]
["4410 - Maquinaria, suministros y accesorios de oficina","GRAPAS","CAJAS",18,18,18,18,{"$f":"SUM(Tabla1[[#This Row],[PRIMER TRIMESTRE]:[CUARTO TRIMESTRE]])","v":72},{"v":75,"d":"RD$75.00"},{"v":5400,"d":"RD$5,400.00"},{"v":405000,"d":"RD$405,000.00"},"COMPRA DIRECTA","VENTA DE SERVICIOS",{"$nulls":6},"3017 - Puertas y ventanas y vidrio"]
["4410 - Maquinaria, suministros y accesorios de oficina","PAPEL 8 1/2 x 14","RESMA",6,6,6,6,{"$f":"SUM(Tabla1[[#This Row],[PRIMER TRIMESTRE]:[CUARTO TRIMESTRE]])","v":24},{"v":350,"d":"RD$350.00"},{"v":8400,"d":"RD$8,400.00"},{"v":2940000,"d":"RD$2,940,000.00"},"COMPRA DIRECTA","VENTA DE SERVICIOS",{"$nulls":6},"3018 - Instalaciones de baño"]
["4410 - Maquinaria, suministros y accesorios de oficina","ROLLO TERMICO ","UNIDAD",300,300,300,300,{"$f":"SUM(Tabla1[[#This Row],[PRIMER TRIMESTRE]:[CUARTO TRIMESTRE]])","v":1200},{"v":55,"d":"RD$55.00"},{"v":66000,"d":"RD$66,000.00"},{"v":3630000,"d":"RD$3,630,000.00"},"COMPRA DIRECTA","VENTA DE SERVICIOS",{"$nulls":6},"3019 - Equipo de apoyo para Construcción y Mantenimiento"]
["4410 - Maquinaria, suministros y accesorios de oficina","MARCADORES STABILO","UNIDAD",15,15,15,15,{"$f":"SUM(Tabla1[[#This Row],[PRIMER TRIMESTRE]:[CUARTO TRIMESTRE]])","v":60},{"v":55,"d":"RD$55.00"},{"v":3300,"d":"RD$3,300.00"},{"v":181500,"d":"RD$181,500.00"},"COMPRA DIRECTA","VENTA DE SERVICIOS",{"$nulls":6},"3020 - Estructuras prefabricadas"]
["4410 - Maquinaria, suministros y accesorios de oficina","RESALTADORES","UNIDAD",15,15,15,15,{"$f":"SUM(Tabla1[[#This Row],[PRIMER TRIMESTRE]:[CUARTO TRIMESTRE]])","v":60},{"v":55,"d":"RD$55.00"},{"$f":"+H103*I103","v":{"v":3300,"d":"RD$3,300.00"}},{"$f":"+I103*J103","v":{"v":181500,"d":"RD$181,500.00"}},"COMPRA DIRECTA","VENTA DE SERVICIOS",{"$nulls":6},"3022 - Estructuras Permanentes"]
["4410 - Maquinaria, suministros y accesorios de oficina","PAPEL KRAF","ROLLO",3,3,3,3,{"$f":"SUM(Tabla1[[#This Row],[PRIMER TRIMESTRE]:[CUARTO TRIMESTRE]])","v":12},{"v":1400,"d":"RD$1,400.00"},{"$f":"+H104*I104","v":{"v":16800,"d":"RD$16,800.00"}},{"v":23520000,"d":"RD$23,520,000.00"},"COMPRA DIRECTA","VENTA DE SERVICIOS",{"$nulls":6},"3110 - Piezas de fundición"]
["4410 - Maquinaria, suministros y accesorios de oficina","GRAPADORA","UNIDAD",3,3,3,3,{"$f":"SUM(Tabla1[[#This Row],[PRIMER TRIMESTRE]:[CUARTO TRIMESTRE]])","v":12},{"v":380,"d":"RD$380.00"},{"v":4560,"d":"RD$4,560.00"},{"v":1732800,"d":"RD$1,732,800.00"},"COMPRA DIRECTA","VENTA DE SERVICIOS",{"$nulls":6},"3111 - Extrusiones"]
["4410 - Maquinaria, suministros y accesorios de oficina","SOBRE BLANCO DE CARTA","CAJA",3,3,3,3,{"$f":"SUM(Tabla1[[#This Row],[PRIMER TRIMESTRE]:[CUARTO TRIMESTRE]])","v":12},{"v":850,"d":"RD$850.00"},{"v":10200,"d":"RD$10,200.00"},{"v":8670000,"d":"RD$8,670,000.00"},"COMPRA DIRECTA","VENTA DE SERVICIOS",{"$nulls":6},"3112 - Piezas fundidas mecanizadas"]
["4410 - Maquinaria, suministros y accesorios de oficina","PROTECTOR DE HOJAS","PAQUETE",2,2,2,2,2,{"v":300,"d":"RD$300.00"},{"v":600,"d":"RD$600.00"},{"v":180000,"d":"RD$180,000.00"},"COMPRA DIRECTA","VENTA DE SERVICIOS",{"$nulls":6},"3113 - Forjaduras"]
["4410 - Maquinaria, suministros y accesorios de oficina","CORRECTORES ","CAJA",2,2,2,2,{"$f":"SUM(Tabla1[[#This Row],[PRIMER TRIMESTRE]:[CUARTO TRIMESTRE]])","v":8},{"v":400,"d":"RD$400.00"},{"v":3200,"d":"RD$3,200.00"},{"v":1280000,"d":"RD$1,280,000.00"},"COMPRA DIRECTA","VENTA DE SERVICIOS",{"$nulls":6},"3114 - Molduras"]
["4410 - Maquinaria, suministros y accesorios de oficina","SACAGRAPAS","UNIDAD",6,6,6,6,{"$f":"SUM(Tabla1[[#This Row],[PRIMER TRIMESTRE]:[CUARTO TRIMESTRE]])","v":24},{"v":75,"d":"RD$75.00"},{"v":1800,"d":"RD$1,800.00"},{"v":135000,"d":"RD$135,000.00"},"COMPRA DIRECTA","VENTA DE SERVICIOS",{"$nulls":6},"3115 - Cuerda y cadena y cable y alambre y correa"]
["4410 - Maquinaria, suministros y accesorios de oficina","CARPETAS ","UNIDAD",6,6,6,6,{"$f":"SUM(Tabla1[[#This Row],[PRIMER TRIMESTRE]:[CUARTO TRIMESTRE]])","v":24},{"v":450,"d":"RD$450.00"},{"v":10800,"d":"RD$10,800.00"},{"v":4860000,"d":"RD$4,860,000.00"},"COMPRA DIRECTA","VENTA DE SERVICIOS",{"$nulls":6},"3116 - Ferretería"]
["4410 - Maquinaria, suministros y accesorios de oficina","CD","PAQUETE",9,9,9,9,{"$f":"SUM(Tabla1[[#This Row],[PRIMER TRIMESTRE]:[CUARTO TRIMESTRE]])","v":36},{"v":1500,"d":"RD$1,500.00"},{"v":54000,"d":"RD$54,000.00"},{"v":81000000,"d":"RD$81,000,000.00"},"COMPRA DIRECTA","VENTA DE SERVICIOS",{"$nulls":6},"3117 - Cojinetes, casquillos, ruedas y engranajes"]
["4410 - Maquinaria, suministros y accesorios de oficina","CODIGO DE BARRA 20-10","UNIDAD",12,12,12,12,{"$f":"SUM(Tabla1[[#This Row],[PRIMER TRIMESTRE]:[CUARTO TRIMESTRE]])","v":48},{"v":450,"d":"RD$450.00"},{"v":21600,"d":"RD$21,600.00"},{"v":9720000,"d":"RD$9,720,000.00"},"COMPRA DIRECTA","VENTA DE SERVICIOS",{"$nulls":6},"3118 - Juntas obturadoras y sellos"]
["4410 - Maquinaria, suministros y accesorios de oficina","PORTA CD 100/1","PAQUETE",12,12,12,12,{"$f":"SUM(Tabla1[[#This Row],[PRIMER TRIMESTRE]:[CUARTO TRIMESTRE]])","v":48},{"v":650,"d":"RD$650.00"},{"v":31200,"d":"RD$31,200.00"},{"v":20280000,"d":"RD$20,280,000.00"},"COMPRA DIRECTA","VENTA DE SERVICIOS",{"$nulls":6},"3119 - Materiales de molduración, pulido y alisado"]
["4410 - Maquinaria, suministros y accesorios de oficina","TONER 85 A","UNIDAD",30,30,30,30,{"$f":"SUM(Tabla1[[#This Row],[PRIMER TRIMESTRE]:[CUARTO TRIMESTRE]])","v":120},{"v":850,"d":"RD$850.00"},{"v":102000,"d":"RD$102,000.00"},{"v":86700000,"d":"RD$86,700,000.00"},"COMPRA DIRECTA","VENTA DE SERVICIOS",{"$nulls":6},"3120 - Adhesivos y selladores"]
["5110 - Medicamentos antiinfecciosos","SUCCINICOLINA AMP.","CAJA",9,9,9,9,{"$f":"SUM(Tabla1[[#This Row],[PRIMER TRIMESTRE]:[CUARTO TRIMESTRE]])","v":36},{"v":2400,"d":"RD$2,400.00"},{"v":86400,"d":"RD$86,400.00"},{"v":207360000,"d":"RD$207,360,000.00"},"COMPRA DIRECTA","VENTA DE SERVICIOS",{"$nulls":6},"3121 - Pinturas y tapa poros y acabados"]
["5111 - Medicamentos antiinfecciosos","BUPIVACAINA PESADA AMP.","UNIDAD",120,120,120,120,{"$f":"SUM(Tabla1[[#This Row],[PRIMER TRIMESTRE]:[CUARTO TRIMESTRE]])","v":480},{"v":138.24,"d":"RD$138.24"},{"v":66355.20000000001,"d":"RD$66,355.20"},{"v":9172942.848000003,"d":"RD$9,172,942.85"},"COMPRA DIRECTA","VENTA DE SERVICIOS",{"$nulls":6},"3122 - Extractos de teñir y de curtir"]
["1411 - Productos de papel","PAPEL SONY UPP110S","UNIDAD",60,60,60,60,{"$f":"SUM(Tabla1[[#This Row],[PRIMER TRIMESTRE]:[CUARTO TRIMESTRE]])","v":240},{"v":500,"d":"RD$500.00"},{"v":120000,"d":"RD$120,000.00"},{"v":60000000,"d":"RD$60,000,000.00"},"COMPRA DIRECTA","VENTA DE SERVICIOS",{"$nulls":6},"3123 - Materia prima en placas o barras labradas"]
["1412 - Productos de papel","PAPEL USO ELECTROCARDIOGRAFO VE300 ","UNIDAD",60,60,60,60,{"$f":"SUM(Tabla1[[#This Row],[PRIMER TRIMESTRE]:[CUARTO TRIMESTRE]])","v":240},{"v":320,"d":"RD$320.00"},{"v":76800,"d":"RD$76,800.00"},{"v":24576000,"d":"RD$24,576,000.00"},"COMPRA DIRECTA","VENTA DE SERVICIOS",{"$nulls":6},"3124 - Óptica industrial"]
["5114 - Medicamentos antiinfecciosos","AMPICILNA","UNIDAD",1800,1800,1800,1800,{"$f":"SUM(Tabla1[[#This Row],[PRIMER TRIMESTRE]:[CUARTO TRIMESTRE]])","v":7200},{"v":34,"d":"RD$34.00"},{"v":244800,"d":"RD$244,800.00"},{"v":8323200,"d":"RD$8,323,200.00"},"COMPRA DIRECTA","VENTA DE SERVICIOS",{"$nulls":6},"3125 - Sistemas de control neumático, hidráulico o eléctrico"]
["5115 - Medicamentos antiinfecciosos","DEXAMETAZONA AMP.","UNIDAD",1200,1200,1200,1200,{"$f":"SUM(Tabla1[[#This Row],[PRIMER TRIMESTRE]:[CUARTO TRIMESTRE]])","v":4800},{"v":14.5,"d":"RD$14.50"},{"v":69600,"d":"RD$69,600.00"},{"v":1009200,"d":"RD$1,009,200.00"},"COMPRA DIRECTA","VENTA DE SERVICIOS",{"$nulls":6},"3126 - Cubiertas, cajas y envolturas"]
["5116 - Medicamentos antiinfecciosos","DIMENHIDRINATO AMP.","UNIDAD",600,600,600,600,{"$f":"SUM(Tabla1[[#This Row],[PRIMER TRIMESTRE]:[CUARTO TRIMESTRE]])","v":2400},{"v":24,"d":"RD$24.00"},{"v":57600,"d":"RD$57,600.00"},{"v":1382400,"d":"RD$1,382,400.00"},"COMPRA DIRECTA","VENTA DE SERVICIOS",{"$nulls":6},"3127 - Piezas hechas a máquina"]
["5117 - Medicamentos antiinfecciosos","ALCOHOL ","UNIDAD",100,100,100,100,{"$f":"SUM(Tabla1[[#This Row],[PRIMER TRIMESTRE]:[CUARTO TRIMESTRE]])","v":400},{"v":1200,"d":"RD$1,200.00"},{"$f":"+H122*I122","v":{"v":480000,"d":"RD$480,000.00"}},{"$f":"+I122*J122","v":{"v":576000000,"d":"RD$576,000,000.00"}},"COMPRA DIRECTA","VENTA DE SERVICIOS",{"$nulls":6},"3128 - Componentes de placa y estampados"]
["5117 - Medicamentos antiinfecciosos","SUTURAS NYLON 3-0","UNIDAD",288,288,288,288,{"$f":"SUM(Tabla1[[#This Row],[PRIMER TRIMESTRE]:[CUARTO TRIMESTRE]])","v":1152},{"v":195,"d":"RD$195.00"},{"$f":"+H123*I123","v":{"v":224640,"d":"RD$224,640.00"}},{"$f":"+I123*J123","v":{"v":43804800,"d":"RD$43,804,800.00"}},"COMPRA DIRECTA","VENTA DE SERVICIOS",{"$nulls":6},"3129 - Estiramientos por presión labrados"]
["5117 - Medicamentos antiinfecciosos","SUTURAS NYLON 5-0","UNIDAD",216,216,216,216,{"$f":"SUM(Tabla1[[#This Row],[PRIMER TRIMESTRE]:[CUARTO TRIMESTRE]])","v":864},{"v":195,"d":"RD$195.00"},{"v":168480,"d":"RD$168,480.00"},{"v":32853600,"d":"RD$32,853,600.00"},"COMPRA DIRECTA","VENTA DE SERVICIOS",{"$nulls":6},"3130 - Forjas labradas"]
["5118 - Medicamentos antiinfecciosos","LAPIZ DE ELECTROCAUTERIO","UNIDAD",90,90,90,90,{"$f":"SUM(Tabla1[[#This Row],[PRIMER TRIMESTRE]:[CUARTO TRIMESTRE]])","v":360},{"v":231,"d":"RD$231.00"},{"$f":"+H125*I125","v":{"v":83160,"d":"RD$83,160.00"}},{"$f":"+I125*J125","v":{"v":19209960,"d":"RD$19,209,960.00"}},"COMPRA DIRECTA","VENTA DE SERVICIOS",{"$nulls":6},"3131 - Conjuntos de tubería fabricada"]
["5121 - Medicamentos antiinfecciosos","SOLUCION LACTATO RINGER","UNIDAD",360,360,360,360,{"$f":"SUM(Tabla1[[#This Row],[PRIMER TRIMESTRE]:[CUARTO TRIMESTRE]])","v":1440},{"v":110,"d":"RD$110.00"},{"v":158400,"d":"RD$158,400.00"},{"v":17424000,"d":"RD$17,424,000.00"},"COMPRA DIRECTA","VENTA DE SERVICIOS",{"$nulls":6},"3132 - Conjuntos fabricados de material en barras"]
["5122 - Medicamentos antiinfecciosos","TERMOMETROS ORALES","UNIDAD",288,288,288,288,{"$f":"SUM(Tabla1[[#This Row],[PRIMER TRIMESTRE]:[CUARTO TRIMESTRE]])","v":1152},{"v":88,"d":"RD$88.00"},{"v":101376,"d":"RD$101,376.00"},{"v":8921088,"d":"RD$8,921,088.00"},"COMPRA DIRECTA","VENTA DE SERVICIOS",{"$nulls":6},"3133 - Conjuntos estructurales fabricados"]
["4213 - Telas y vestidos médicos","GORRO PARA ENFERMERA","UNIDAD",3000,3000,3000,3000,{"$f":"SUM(Tabla1[[#This Row],[PRIMER TRIMESTRE]:[CUARTO TRIMESTRE]])","v":12000},{"v":4,"d":"RD$4.00"},{"v":48000,"d":"RD$48,000.00"},{"v":192000,"d":"RD$192,000.00"},"COMPRA DIRECTA","VENTA DE SERVICIOS",{"$nulls":6},"3134 - Conjuntos de placa fabricado"]
["5124 - Medicamentos antiinfecciosos","COLECTOR DE ORINA","UNIDAD",300,300,300,300,{"$f":"SUM(Tabla1[[#This Row],[PRIMER TRIMESTRE]:[CUARTO TRIMESTRE]])","v":1200},{"v":24.6,"d":"RD$24.60"},{"$f":"+H129*I129","v":{"v":29520,"d":"RD$29,520.00"}},{"$f":"+I129*J129","v":{"v":726192,"d":"RD$726,192.00"}},"COMPRA DIRECTA","VENTA DE SERVICIOS",{"$nulls":6},"3135 - Conjuntos de tubería fabricada"]
["5124 - Medicamentos antiinfecciosos","DIPIRONA AMP.","UNIDAD",600,600,600,600,{"$f":"SUM(Tabla1[[#This Row],[PRIMER TRIMESTRE]:[CUARTO TRIMESTRE]])","v":2400},{"v":29,"d":"RD$29.00"},{"v":69600,"d":"RD$69,600.00"},{"v":2018400,"d":"RD$2,018,400.00"},"COMPRA DIRECTA","VENTA DE SERVICIOS",{"$nulls":6},"3136 - Conjuntos de placa fabricados"]
["5125 - Medicamentos antiinfecciosos","IPATROPIUM","UNIDAD",900,900,900,900,{"$f":"SUM(Tabla1[[#This Row],[PRIMER TRIMESTRE]:[CUARTO TRIMESTRE]])","v":3600},{"v":59,"d":"RD$59.00"},{"$f":"+H131*I131","v":{"v":212400,"d":"RD$212,400.00"}},{"$f":"+I131*J131","v":{"v":12531600,"d":"RD$12,531,600.00"}},"COMPRA DIRECTA","VENTA DE SERVICIOS",{"$nulls":6},"3137 - Refractarios"]
["4213 - Telas y vestidos médicos","CUBRE ZAPATOS","UNIDAD",600,600,600,600,{"$f":"SUM(Tabla1[[#This Row],[PRIMER TRIMESTRE]:[CUARTO TRIMESTRE]])","v":2400},{"v":5.9,"d":"RD$5.90"},{"$f":"+H132*I132","v":{"v":14160,"d":"RD$14,160.00"}},{"v":83544,"d":"RD$83,544.00"},"COMPRA DIRECTA","VENTA DE SERVICIOS",{"$nulls":6},"3138 - Imanes y materiales magnéticos"]
["1411 - Productos de papel","PAPEL CAMILLA","UNIDAD",378,378,378,378,{"$f":"SUM(Tabla1[[#This Row],[PRIMER TRIMESTRE]:[CUARTO TRIMESTRE]])","v":1512},{"v":350,"d":"RD$350.00"},{"$f":"+H133*I133","v":{"v":529200,"d":"RD$529,200.00"}},{"$f":"+I133*J133","v":{"v":185220000,"d":"RD$185,220,000.00"}},"COMPRA DIRECTA","VENTA DE SERVICIOS",{"$nulls":6},"3210 - Circuitos impresos, circuitos integrados y micro ensamblajes"]
["5129 - Medicamentos antiinfecciosos","OMEPRAZOL","UNIDAD",600,600,600,600,{"$f":"SUM(Tabla1[[#This Row],[PRIMER TRIMESTRE]:[CUARTO TRIMESTRE]])","v":2400},{"v":121,"d":"RD$121.00"},{"$f":"+H134*I134","v":{"v":290400,"d":"RD$290,400.00"}},{"$f":"+I134*J134","v":{"v":35138400,"d":"RD$35,138,400.00"}},"COMPRA DIRECTA","VENTA DE SERVICIOS",{"$nulls":6},"3211 - Dispositivo semiconductor discreto"]
["5129 - Medicamentos antiinfecciosos","SERTAL SIMPLE","UNIDAD",900,900,900,900,{"$f":"SUM(Tabla1[[#This Row],[PRIMER TRIMESTRE]:[CUARTO TRIMESTRE]])","v":3600},{"v":89.95,"d":"RD$89.95"},{"v":323820,"d":"RD$323,820.00"},{"v":29127609,"d":"RD$29,127,609.00"},"COMPRA DIRECTA","VENTA DE SERVICIOS",{"$nulls":6},"3212 - Componentes pasivos discretos"]
["5131 - Medicamentos antiinfecciosos","CITICOLINA AMP.","UNIDAD",300,300,300,300,{"$f":"SUM(Tabla1[[#This Row],[PRIMER TRIMESTRE]:[CUARTO TRIMESTRE]])","v":1200},{"v":278,"d":"RD$278.00"},{"v":333600,"d":"RD$333,600.00"},{"v":92740800,"d":"RD$92,740,800.00"},"COMPRA DIRECTA","VENTA DE SERVICIOS",{"$nulls":6},"3213 - Piezas de componentes y hardware electrónicos y accesorios"]
["5132 - Medicamentos antiinfecciosos","COMPLEJO B","UNIDAD",600,600,600,600,{"$f":"SUM(Tabla1[[#This Row],[PRIMER TRIMESTRE]:[CUARTO TRIMESTRE]])","v":2400},{"v":39,"d":"RD$39.00"},{"$f":"+H137*I137","v":{"v":93600,"d":"RD$93,600.00"}},{"v":3650400,"d":"RD$3,650,400.00"},"COMPRA DIRECTA","VENTA DE SERVICIOS",{"$nulls":6},"3214 - Dispositivos de tubo electrónico y accesorios"]
["4213 - Telas y vestidos médicos","YESO 6*5","UNIDAD",288,288,288,288,{"$f":"SUM(Tabla1[[#This Row],[PRIMER TRIMESTRE]:[CUARTO TRIMESTRE]])","v":1152},{"v":110,"d":"RD$110.00"},{"v":126720,"d":"RD$126,720.00"},{"v":13939200,"d":"RD$13,939,200.00"},"COMPRA DIRECTA","VENTA DE SERVICIOS",{"$nulls":6},"3910 - Lámparas y bombillas y componentes para lámparas"]
["4214 - Telas y vestidos médicos","YESO 4*5","UNIDAD",288,288,288,288,{"$f":"SUM(Tabla1[[#This Row],[PRIMER TRIMESTRE]:[CUARTO TRIMESTRE]])","v":1152},{"v":95,"d":"RD$95.00"},{"v":109440,"d":"RD$109,440.00"},{"v":10396800,"d":"RD$10,396,800.00"},"COMPRA DIRECTA","VENTA DE SERVICIOS",{"$nulls":6},"3911 - Iluminación, artefactos y accesorios"]
["4213 - Telas y vestidos médicos","GAZA TIPO ALMOHADA","UNIDAD",150,150,150,150,{"$f":"SUM(Tabla1[[#This Row],[PRIMER TRIMESTRE]:[CUARTO TRIMESTRE]])","v":600},{"v":1672,"d":"RD$1,672.00"},{"v":1003200,"d":"RD$1,003,200.00"},{"v":1677350400,"d":"RD$1,677,350,400.00"},"COMPRA DIRECTA","VENTA DE SERVICIOS",{"$nulls":6},"3912 - Equipos, suministros y componentes eléctricos"]
["1512 - Lubricantes, aceites, grasas y anticorrosivos","ACEITE DE GASOIL","UNIDAD",6,6,6,6,{"$f":"SUM(Tabla1[[#This Row],[PRIMER TRIMESTRE]:[CUARTO TRIMESTRE]])","v":24},{"v":450,"d":"RD$450.00"},{"v":10800,"d":"RD$10,800.00"},{"v":4860000,"d":"RD$4,860,000.00"},"COMPRA DIRECTA","VENTA DE SERVICIOS",{"$nulls":6},"4010 - Calefacción, ventilación y circulación del aire"]
["1512 - Lubricantes, aceites, grasas y anticorrosivos","FILTRO ACEITE","UNIDAD",3,3,3,3,{"$f":"SUM(Tabla1[[#This Row],[PRIMER TRIMESTRE]:[CUARTO TRIMESTRE]])","v":12},{"v":590,"d":"RD$590.00"},{"v":7080,"d":"RD$7,080.00"},{"v":4177200,"d":"RD$4,177,200.00"},"COMPRA DIRECTA","VENTA DE SERVICIOS",{"$nulls":6},"4014 - Distribución de fluidos y gas"]
["1512 - Lubricantes, aceites, grasas y anticorrosivos","DESGRASANTE","UNIDAD",4,4,4,4,{"$f":"SUM(Tabla1[[#This Row],[PRIMER TRIMESTRE]:[CUARTO TRIMESTRE]])","v":16},{"v":375,"d":"RD$375.00"},{"v":6000,"d":"RD$6,000.00"},{"v":2250000,"d":"RD$2,250,000.00"},"COMPRA DIRECTA","VENTA DE SERVICIOS",{"$nulls":6},"4015 - Bombas y compresores industriales"]
["3116 - Ferretería","CANDADO","UNIDAD",4,0,4,0,{"$f":"SUM(Tabla1[[#This Row],[PRIMER TRIMESTRE]:[CUARTO TRIMESTRE]])","v":8},{"v":225,"d":"RD$225.00"},{"v":1800,"d":"RD$1,800.00"},{"v":405000,"d":"RD$405,000.00"},"COMPRA DIRECTA","VENTA DE SERVICIOS",{"$nulls":6},"4016 - Filtrado y purificación industrial"]
["3117 - Ferretería","BATERIA AMERICANA","UNIDAD",2,0,0,2,{"$f":"SUM(Tabla1[[#This Row],[PRIMER TRIMESTRE]:[CUARTO TRIMESTRE]])","v":4},{"v":19000,"d":"RD$19,000.00"},{"v":76000,"d":"RD$76,000.00"},{"v":1444000000,"d":"RD$1,444,000,000.00"},"COMPRA DIRECTA","VENTA DE SERVICIOS",{"$nulls":6},"4110 - Equipo de laboratorio y científico"]
["3118 - Ferretería","YABINES","UNIDAD",15,0,0,15,{"$f":"SUM(Tabla1[[#This Row],[PRIMER TRIMESTRE]:[CUARTO TRIMESTRE]])","v":30},{"v":850,"d":"RD$850.00"},{"v":25500,"d":"RD$25,500.00"},{"v":21675000,"d":"RD$21,675,000.00"},"COMPRA DIRECTA","VENTA DE SERVICIOS",{"$nulls":6},"4111 - Instrumentos de medida, observación y ensayo"]
["1311 - Resinas y colofonias y otros materiales derivados de resina","RESINA","UNIDAD",12,12,12,12,{"$f":"SUM(Tabla1[[#This Row],[PRIMER TRIMESTRE]:[CUARTO TRIMESTRE]])","v":48},{"v":495,"d":"RD$495.00"},{"v":23760,"d":"RD$23,760.00"},{"v":11761200,"d":"RD$11,761,200.00"},"COMPRA DIRECTA","VENTA DE SERVICIOS",{"$nulls":6},"4112 - Suministros y accesorios de laboratorio"]
["4215 - Equipos y suministros dentales","HOLANDINA BENZALDINA","UNIDAD",12,12,12,12,{"$f":"SUM(Tabla1[[#This Row],[PRIMER TRIMESTRE]:[CUARTO TRIMESTRE]])","v":48},{"v":540,"d":"RD$540.00"},{"v":25920,"d":"RD$25,920.00"},{"v":13996800,"d":"RD$13,996,800.00"},"COMPRA DIRECTA","VENTA DE SERVICIOS",{"$nulls":6},"4212 - Equipos y suministros veterinarios"]
["4216 - Equipos y suministros dentales","FRESA GENERICA","UNIDAD",30,30,30,30,{"$f":"SUM(Tabla1[[#This Row],[PRIMER TRIMESTRE]:[CUARTO TRIMESTRE]])","v":120},{"v":29.96,"d":"RD$29.96"},{"v":3595.2000000000003,"d":"RD$3,595.20"},{"v":107712.19200000001,"d":"RD$107,712.19"},"COMPRA DIRECTA","VENTA DE SERVICIOS",{"$nulls":6},"4213 - Telas y vestidos médicos"]
["4217 - Equipos y suministros dentales","EYECTORES GENERICO","UNIDAD",16,16,16,16,{"$f":"SUM(Tabla1[[#This Row],[PRIMER TRIMESTRE]:[CUARTO TRIMESTRE]])","v":64},{"v":207,"d":"RD$207.00"},{"v":13248,"d":"RD$13,248.00"},{"v":2742336,"d":"RD$2,742,336.00"},"COMPRA DIRECTA","VENTA DE SERVICIOS",{"$nulls":6},"4214 - Suministros y productos de tratamiento y cuidado del enfermo"]
["4218 - Equipos y suministros dentales","ANESTECIA AL 2%","UNIDAD",9,9,9,9,{"$f":"SUM(Tabla1[[#This Row],[PRIMER TRIMESTRE]:[CUARTO TRIMESTRE]])","v":36},{"v":625,"d":"RD$625.00"},{"v":22500,"d":"RD$22,500.00"},{"v":14062500,"d":"RD$14,062,500.00"},"COMPRA DIRECTA","VENTA DE SERVICIOS",{"$nulls":6},"4215 - Equipos y suministros dentales"]
["4219 - Equipos y suministros dentales","ANESTECIA AL 4%","UNIDAD",6,6,6,6,{"$f":"SUM(Tabla1[[#This Row],[PRIMER TRIMESTRE]:[CUARTO TRIMESTRE]])","v":24},{"v":1420,"d":"RD$1,420.00"},{"v":34080,"d":"RD$34,080.00"},{"v":48393600,"d":"RD$48,393,600.00"},"COMPRA DIRECTA","VENTA DE SERVICIOS",{"$nulls":6},"4216 - Equipo de diálisis y suministros"]
["4220 - Equipos y suministros dentales","CUBETA METAL","UNIDAD",3,3,3,3,{"$f":"SUM(Tabla1[[#This Row],[PRIMER TRIMESTRE]:[CUARTO TRIMESTRE]])","v":12},{"v":1425,"d":"RD$1,425.00"},{"v":17100,"d":"RD$17,100.00"},{"v":24367500,"d":"RD$24,367,500.00"},"COMPRA DIRECTA","VENTA DE SERVICIOS",{"$nulls":6},"4217 - Productos para los servicios médicos de urgencias y campo"]
["4221 - Equipos y suministros dentales","PEIOCLOR","UNIDAD",3,3,3,3,{"$f":"SUM(Tabla1[[#This Row],[PRIMER TRIMESTRE]:[CUARTO TRIMESTRE]])","v":12},{"v":1245,"d":"RD$1,245.00"},{"v":14940,"d":"RD$14,940.00"},{"v":18600300,"d":"RD$18,600,300.00"},"COMPRA DIRECTA","VENTA DE SERVICIOS",{"$nulls":6},"4218 - Productos de examen y control del paciente"]
["4222 - Equipos y suministros dentales","PASTA PROFILACTICA","UNIDAD",6,6,6,6,{"$f":"SUM(Tabla1[[#This Row],[PRIMER TRIMESTRE]:[CUARTO TRIMESTRE]])","v":24},{"v":645,"d":"RD$645.00"},{"v":15480,"d":"RD$15,480.00"},{"v":9984600,"d":"RD$9,984,600.00"},"COMPRA DIRECTA","VENTA DE SERVICIOS",{"$nulls":6},"4219 - Productos de facilidad médica"]
["4223 - Equipos y suministros dentales","TURBINA","UNIDAD",1,1,1,1,{"$f":"SUM(Tabla1[[#This Row],[PRIMER TRIMESTRE]:[CUARTO TRIMESTRE]])","v":4},{"v":13300,"d":"RD$13,300.00"},{"v":53200,"d":"RD$53,200.00"},{"v":707560000,"d":"RD$707,560,000.00"},"COMPRA DIRECTA","VENTA DE SERVICIOS",{"$nulls":6},"4220 - Productos de hacer imágenes diagnósticas médicas y de medicina nuclear"]
["4224 - Equipos y suministros dentales","ADAPTADOR DE TURBINA","UNIDAD",1,1,1,1,4,{"v":738,"d":"RD$738.00"},{"v":2952,"d":"RD$2,952.00"},{"v":2178576,"d":"RD$2,178,576.00"},"COMPRA DIRECTA","VENTA DE SERVICIOS",{"$nulls":6},"4221 - Ayuda para personas con desafíos físicos para vivir independiente"]
["5132 - Medicamentos antiinfecciosos","ETEROGERMINA","UNIDAD",150,150,150,150,{"$f":"SUM(Tabla1[[#This Row],[PRIMER TRIMESTRE]:[CUARTO TRIMESTRE]])","v":600},{"v":96,"d":"RD$96.00"},{"v":57600,"d":"RD$57,600.00"},{"v":5529600,"d":"RD$5,529,600.00"},"COMPRA DIRECTA","VENTA DE SERVICIOS",{"$nulls":6},"4222 - Productos para administración intravenosa y arterial"]
["4321 - Equipo informático y accesorios","COMPUTADORAS","UNIDAD",6,6,6,6,{"$f":"SUM(Tabla1[[#This Row],[PRIMER TRIMESTRE]:[CUARTO TRIMESTRE]])","v":24},{"v":15500,"d":"RD$15,500.00"},{"v":372000,"d":"RD$372,000.00"},{"v":5766000000,"d":"RD$5,766,000,000.00"},"COMPRA DIRECTA","VENTA DE SERVICIOS",{"$nulls":6},"4223 - Nutrición clínica"]
["3910 - Lámparas y bombillas y componentes para lámparas","LAMPARAS","UNIDAD",60,60,60,60,{"$f":"SUM(Tabla1[[#This Row],[PRIMER TRIMESTRE]:[CUARTO TRIMESTRE]])","v":240},{"v":2450,"d":"RD$2,450.00"},{"$f":"+H160*I160","v":588000},1440600000,"COMPRA DIRECTA","VENTA DE SERVICIOS",{"$nulls":6},"4224 - Productos medicinales de deportes y prostético y ortopédico"]
["4321 - Equipo informático y accesorios","IMPRESORAS","UNIDAD",9,9,9,9,{"$f":"SUM(Tabla1[[#This Row],[PRIMER TRIMESTRE]:[CUARTO TRIMESTRE]])","v":36},{"v":14200,"d":"RD$14,200.00"},511200,7259040000,"COMPRA DIRECTA","VENTA DE SERVICIOS",{"$nulls":6},"4225 - Productos de rehabilitación y terapia ocupacional y física"]
["2413 - Refrigeración industrial","AIRE","UNIDAD",2,0,2,0,{"$f":"SUM(Tabla1[[#This Row],[PRIMER TRIMESTRE]:[CUARTO TRIMESTRE]])","v":4},{"v":32000,"d":"RD$32,000.00"},{"$f":"+H162*I162","v":{"v":128000,"d":"RD$128,000.00"}},{"$f":"+I162*J162","v":{"v":4096000000,"d":"RD$4,096,000,000.00"}},"COMPRA DIRECTA","VENTA DE SERVICIOS",{"$nulls":6},"4226 - Equipo y suministros post mortem y funerarios"]
["4410 - Maquinaria, suministros y accesorios de oficina","ARCHIVOS","UNIDAD",3,3,3,3,{"$f":"SUM(Tabla1[[#This Row],[PRIMER TRIMESTRE]:[CUARTO TRIMESTRE]])","v":12},{"v":12500,"d":"RD$12,500.00"},150000,1875000000,"COMPRA DIRECTA","VENTA DE SERVICIOS",{"$nulls":6},"4227 - Productos de resucitación y anestesia y respiratorio"]
[{"$nulls":19},"4228 - Productos para la esterilización médica"]
[{"$nulls":19},"4229 - Productos quirúrgicos"]
[{"$nulls":19},"4230 - Suministros para formación y estudios de medicina"]
[{"$nulls":19},"4231 - Productos para el cuidado de heridas"]
[{"$nulls":19},"4319 - Dispositivos de comunicaciones y accesorios"]
[{"$nulls":19},"4320 - Componentes para tecnología de la información, difusión o telecomunicaciones"]
[{"$nulls":19},"4321 - Equipo informático y accesorios"]
[{"$nulls":19},"4322 - Datos-voz, equipo de red multimedia, plataformas y accesorios"]
[{"$nulls":19},"4323 - Software"]
[{"$nulls":19},"4410 - Maquinaria, suministros y accesorios de oficina"]
[{"$nulls":19},"4411 - Accesorios de oficina y escritorio"]
[{"$nulls":19},"4412 - Suministros de oficina"]
[{"$nulls":19},"4510 - Equipo de imprenta y publicación"]
[{"$nulls":19},"4511 - Equipos de audio y video para presentación y composición"]
[{"$nulls":19},"4512 - Equipo de vídeo, filmación o fotografía"]
[{"$nulls":19},"4513 - Medios fotográficos y de grabación"]
[{"$nulls":19},"4514 - Suministros fotográficos para cine"]
[{"$nulls":19},"4610 - Armas ligeras y munición"]
[{"$nulls":19},"4611 - Armas de guerra convencionales"]
[{"$nulls":19},"4612 - Misiles"]
[{"$nulls":19},"4613 - Cohetes y subsistemas"]
[{"$nulls":19},"4614 - Lanzadores"]
[{"$nulls":19},"4615 - Orden Público"]
[{"$nulls":19},"4616 - Seguridad y control público"]
[{"$nulls":19},"4617 - Seguridad, vigilancia y detección"]
[{"$nulls":19},"4618 - Seguridad y protección personal"]
[{"$nulls":19},"4619 - Protección contra incendios"]
[{"$nulls":19},"4710 - Tratamiento, suministros y eliminación de agua y aguas residuales"]
[{"$nulls":19},"4711 - Equipo industrial de lavandería y limpieza en seco"]
[{"$nulls":19},"4712 - Equipo de limpieza"]
[{"$nulls":19},"4713 - Suministros de limpieza"]
[{"$nulls":19},"4810 - Equipos de servicios de alimentación para instituciones"]
[{"$nulls":19},"4811 - Máquinas expendedoras"]
[{"$nulls":19},"4812 - Equipo de Juego o de Apostar"]
[{"$nulls":19},"4910 - Coleccionables y condecoraciones"]
[{"$nulls":19},"4912 - Equipos y accesorios para acampada y exterior"]
[{"$nulls":19},"4913 - Equipos de pesca y caza"]
[{"$nulls":19},"4914 - Equipos para deportes acuáticos"]
[{"$nulls":19},"4915 - Equipos para deportes de invierno"]
[{"$nulls":19},"4916 - Equipos deportivos para campos y canchas"]
[{"$nulls":19},"4917 - Equipos de gimnasia y boxeo"]
[{"$nulls":19},"4918 - Juegos y equipo de tiro y mesa"]
[{"$nulls":19},"4920 - Equipo para entrenamiento físico"]
[{"$nulls":19},"4921 - Otros deportes"]
[{"$nulls":19},"4922 - Equipo de deporte y accesorios"]
[{"$nulls":19},"4924 - Equipo de recreo y parques infantiles y equipo y suministros de natación y de spa"]
[{"$nulls":19},"5010 - Frutas, verduras y frutos secos"]
[{"$nulls":19},"5011 - Productos de carne y aves de corral"]
[{"$nulls":19},"5012 - Pescados y mariscos"]
[{"$nulls":19},"5013 - Productos lácteos y huevos"]
[{"$nulls":19},"5015 - Aceites y grasas comestibles"]
[{"$nulls":19},"5016 - Chocolates, azúcares, edulcorantes y productos de confitería"]
[{"$nulls":19},"5017 - Condimentos y conservantes"]
[{"$nulls":19},"5018 - Productos de panadería"]
[{"$nulls":19},"5019 - Alimentos preparados y conservados"]
[{"$nulls":19},"5020 - Bebidas"]
[{"$nulls":19},"5021 - Tabaco y productos de fumar y substitutos"]
[{"$nulls":19},"5022 - Productos de Cereales y Legumbres"]
[{"$nulls":19},"5110 - Medicamentos antiinfecciosos"]
[{"$nulls":19},"5111 - Agentes antitumorales"]
[{"$nulls":19},"5112 - Medicamentos cardiovasculares"]
[{"$nulls":19},"5113 - Medicamentos hematólicos"]
[{"$nulls":19},"5114 - Medicamentos para el sistema nervioso central"]
[{"$nulls":19},"5115 - Medicamentos para el sistema nervioso autónomo"]
[{"$nulls":19},"5116 - Medicamentos que afectan al tracto respiratorio"]
[{"$nulls":19},"5117 - Medicamentos que afectan al sistema gastrointestinal"]
[{"$nulls":19},"5118 - Hormonas y antagonistas hormonales"]
[{"$nulls":19},"5119 - Agentes que afectan el agua y los electrolitos"]
[{"$nulls":19},"5120 - Medicamentos inmunomoduladores"]
[{"$nulls":19},"5121 - Categorías de medicamentos varios"]
[{"$nulls":19},"5124 - Fármacos que afectan a los oídos, los ojos, la nariz y la piel"]
[{"$nulls":19},"5125 - Suplementos alimenticios veterinarios"]
[{"$nulls":19},"5210 - Revestimientos de suelos"]
[{"$nulls":19},"5212 - Ropa de cama, mantelerías, paños de cocina y toallas"]
[{"$nulls":19},"5213 - Tratamientos de ventanas"]
[{"$nulls":19},"5214 - Aparatos electrodomésticos"]
[{"$nulls":19},"5215 - Utensilios de cocina domésticos"]
[{"$nulls":19},"5216 - Electrónica de consumo"]
[{"$nulls":19},"5217 - Tratamientos de pared doméstica"]
[{"$nulls":19},"5310 - Ropa"]
[{"$nulls":19},"5311 - Calzado"]
[{"$nulls":19},"5312 - Maletas, bolsos de mano, mochilas y estuches"]
[{"$nulls":19},"5313 - Artículos de tocador"]
[{"$nulls":19},"5314 - Fuentes y accesorios de costura"]
[{"$nulls":19},"5410 - Joyería"]
[{"$nulls":19},"5411 - Relojes"]
[{"$nulls":19},"5412 - Gemas"]
[{"$nulls":19},"5510 - Medios impresos"]
[{"$nulls":19},"5511 - Material electrónico de referencia"]
[{"$nulls":19},"5512 - Etiquetado y accesorios"]
[{"$nulls":19},"5610 - Muebles de alojamiento"]
[{"$nulls":19},"5611 - Muebles comerciales e industriales"]
[{"$nulls":19},"5612 - Mobiliario institucional, escolar y educativo y accesorios"]
[{"$nulls":19},"6010 - Materiales didácticos profesionales y de desarrollo y accesorios y suministros"]
[{"$nulls":19},"6011 - Decoraciones y suministros del aula"]
[{"$nulls":19},"6012 - Equipo de arte y manualidades, accesorios y suministros"]
[{"$nulls":19},"6013 - Instrumentos musicales, piezas y accesorios"]
[{"$nulls":19},"6014 - Juguetes y juegos"]
[{"$nulls":19},"7010 - Pesquerías y acuicultura"]
[{"$nulls":19},"7011 - Horticultura"]
[{"$nulls":19},"7012 - Servicios de ganadería"]
[{"$nulls":19},"7013 - Preparación, gestión y protección del terreno y del suelo"]
[{"$nulls":19},"70140000 Producción, gestión y protección de cultivos"]
[{"$nulls":19},"7015 - Cultivos forestales"]
[{"$nulls":19},"7016 - Fauna y flora"]
[{"$nulls":19},"7017 - Desarrollo y vigilancia de recursos hidráulicos"]
[{"$nulls":19},"7110 - Servicios de minería"]
[{"$nulls":19},"7111 - Servicios de perforación y prospección petrolífera y de gas"]
[{"$nulls":19},"7112 - Servicios de mantenimiento y construcción de perforación de pozos"]
[{"$nulls":19},"7113 - Servicios de aumento de la extracción producción de gas y petróleo"]
[{"$nulls":19},"7114 - Servicios de restauración y recuperación de gas y aceite"]
[{"$nulls":19},"7115 - Servicios de procesar y gestión de datos del aceite y gas"]
[{"$nulls":19},"7116 - Servicios de gerencia del proyecto de aceite y gas del pozo"]
[{"$nulls":19},"7210 - Construcción de edificios, atención, mantenimiento y servicios de reparaciones"]
[{"$nulls":19},"7213 - Construcción general de edificios"]
[{"$nulls":19},"7310 - Industrias de plásticos y productos químicos"]
[{"$nulls":19},"7311 - Industrias de la madera y el papel"]
[{"$nulls":19},"7312 - Industrias del metal y de minerales"]
[{"$nulls":19},"7313 - Industrias de alimentos y bebidas"]
[{"$nulls":19},"7314 - Industrias de fibras, textiles y de tejidos"]
[{"$nulls":19},"7315 - Servicios de apoyo a la fabricación"]
[{"$nulls":19},"7316 - Fabricación de maquinaria y equipo de transporte"]
[{"$nulls":19},"7317 - Fabricación de productos eléctricos e instrumentos de precisión"]
[{"$nulls":19},"7318 - Servicios de labrado y procesado"]
[{"$nulls":19},"7610 - Servicios de descontaminación"]
[{"$nulls":19},"7611 - Servicios de limpieza y de consejería"]
[{"$nulls":19},"7612 - Eliminación y tratamiento de desechos"]
[{"$nulls":19},"7613 - Limpieza de residuos tóxicos y peligrosos"]
[{"$nulls":19},"7710 - Gestión medioambiental"]
[{"$nulls":19},"7711 - Protección medioambiental"]
[{"$nulls":19},"7712 - Seguimiento, control y rehabilitación de la contaminación"]
[{"$nulls":19},"7713 - Servicios de seguimiento, control o rehabilitación de contaminantes"]
[{"$nulls":19},"7810 - Transporte de correo y carga"]
[{"$nulls":19},"7811 - Transporte de pasajeros"]
[{"$nulls":19},"7812 - Manejo y embalaje de material"]
[{"$nulls":19},"7813 - Almacenaje"]
[{"$nulls":19},"7814 - Operaciones de transporte"]
[{"$nulls":19},"7818 - Servicios de mantenimiento o reparaciones de transportes"]
[{"$nulls":19},"8010 - Servicios de asesoría de gestión"]
[{"$nulls":19},"8011 - Servicios de recursos humanos"]
[{"$nulls":19},"8012 - Servicios legales"]
[{"$nulls":19},"8013 - Servicios inmobiliarios"]
[{"$nulls":19},"8014 - Comercialización y distribución"]
[{"$nulls":19},"8015 - Política comercial y servicios"]
[{"$nulls":19},"8016 - Servicios de administración de empresas"]
[{"$nulls":19},"8110 - Servicios profesionales de ingeniería"]
[{"$nulls":19},"8111 - Servicios informáticos"]
[{"$nulls":19},"8112 - Economía"]
[{"$nulls":19},"8113 - Estadística"]
[{"$nulls":19},"8114 - Tecnologías de fabricación"]
[{"$nulls":19},"8115 - Servicios de pedología"]
[{"$nulls":19},"8210 - Publicidad"]
[{"$nulls":19},"8211 - Escritura y traducciones"]
[{"$nulls":19},"8212 -  Servicios de reproducción"]
[{"$nulls":19},"8213 - Servicios fotográficos"]
[{"$nulls":19},"8214 - Diseño gráfico"]
[{"$nulls":19},"8215 - Artistas e intérpretes profesionales"]
[{"$nulls":19},"8310 - Servicios públicos"]
[{"$nulls":19},"8311 - Servicios de medios de telecomunicaciones"]
[{"$nulls":19},"8312 - Servicios de información"]
[{"$nulls":19},"8410 - Finanzas de desarrollo"]
[{"$nulls":19},"8411 - Contabilidad y auditorias"]
[{"$nulls":19},"8412 - Banca e inversiones"]
[{"$nulls":19},"8413 - Servicios de seguros y jubilación"]
[{"$nulls":19},"8414 - Agencias de crédito"]
[{"$nulls":19},"8510 - Servicios sanitarios integrales"]
[{"$nulls":19},"8511 - Prevención y control de enfermedades"]
[{"$nulls":19},"8512 -  Práctica médica"]
[{"$nulls":19}," 8513 - Ciencia médica, investigación y experimentación"]
[{"$nulls":19},"8514 - Medicina alternativa y holística"]
[{"$nulls":19},"8515 - Servicios alimentarios y de nutrición"]
[{"$nulls":19},"8610 - Formación profesional"]
[{"$nulls":19},"8611 - Sistemas educativos alternativos"]
[{"$nulls":19},"8612 - Instituciones educativas"]
[{"$nulls":19},"8613 - Servicios educativos especializados"]
[{"$nulls":19},"8614 - Instalaciones educativas"]
[{"$nulls":19},"9010 - Restaurantes y catering (servicios de comidas y bebidas)"]
[{"$nulls":19},"9011 - Instalaciones hoteleras, alojamientos y centros de encuentros"]
[{"$nulls":19},"9012 - Facilitación de viajes"]
[{"$nulls":19},"9013 - Artes interpretativas"]
[{"$nulls":19},"9014 - Deportes comerciales"]
[{"$nulls":19},"9015 - Servicios de entretenimiento"]
[{"$nulls":19},"9110 - Aspecto personal"]
[{"$nulls":19},"9111 - Asistencia doméstica y personal"]
[{"$nulls":19},"9210 - Orden público y seguridad"]
[{"$nulls":19},"9211 - Servicios militares o defensa nacional"]
[{"$nulls":19},"9212 - Seguridad y protección personal"]
[{"$nulls":19},"9310 - Sistemas e instituciones políticas"]
[{"$nulls":19},"9311 - Condiciones sociopolíticas"]
[{"$nulls":19},"9312 - Relaciones internacionales"]
[{"$nulls":19},"9313 - Ayuda y asistencia humanitaria"]
[{"$nulls":19},"9314 - Servicios comunitarios y sociales"]
[{"$nulls":19},"9315 - Servicios de administración y financiación pública"]
[{"$nulls":19},"9316 - Tributación"]
[{"$nulls":19},"9317 - Política y regulación comercial"]
[{"$nulls":19},"9410 - Organizaciones laborales"]
[{"$nulls":19},"9411 - Organizaciones religiosas"]
[{"$nulls":19},"9412 - Clubes"]
[{"$nulls":19},"9413 - Organizaciones, asociaciones y movimientos cívicos"]